书目信息 |
| 题名: |
工程制图基础习题集
|
|
| 作者: | 何改云 , 叶时勇 主编 | |
| 分册: | ||
| 出版信息: | 天津 天津大学出版社 2006.08 |
|
| 页数: | 86页 | |
| 开本: | 19×26cm | |
| 丛书名: | ||
| 单 册: | ||
| 中图分类: | TB23 | |
| 科图分类: | ||
| 主题词: | 工程制图--gong cheng zhi tu--高等学校--习题 | |
| 电子资源: | ||
| ISBN: | 7-5618-2295-2 | |
| 000 | 00834nam0 2200241 450 | |
| 001 | 012007969603 | |
| 005 | 20070921095051.20 | |
| 010 | @a7-5618-2295-2@dCNY18.00 | |
| 100 | @a20070827d2006 km y0chiy0120 ea | |
| 101 | 0 | @achi |
| 102 | @aCN@b120000 | |
| 105 | @aa q 000yy | |
| 200 | 1 | @a工程制图基础习题集@Agong cheng zhi tu ji chu xi ti ji@f何改云, 叶时勇主编@Fhe gai yun,ye shi yong zhu bian |
| 205 | @a修订版 | |
| 210 | @a天津@c天津大学出版社@d2006.08 | |
| 215 | @a86页@c图@d19×26cm | |
| 330 | @a本书主要内容包括:制图基本知识、现代绘图工具——AutoCAD、正投影法基础、基本立体、组合体、图样画法等。全书共200余题。 | |
| 606 | 0 | @a工程制图@Agong cheng zhi tu@x高等学校@j习题 |
| 690 | @aTB23@v4 | |
| 701 | 0 | @a何改云@Ahe gai yun@4主编 |
| 701 | 0 | @a叶时勇@Aye shi yong@4主编 |
| 801 | 0 | @aCN@c20070921 |
| 905 | @dTB23@eH178 | |
| 工程制图基础习题集/何改云, 叶时勇主编.-修订版.-天津:天津大学出版社,2006.08 |
| 86页:图;19×26cm |
| ISBN 7-5618-2295-2:CNY18.00 |
| 本书主要内容包括:制图基本知识、现代绘图工具——AutoCAD、正投影法基础、基本立体、组合体、图样画法等。全书共200余题。 |
| ● |
| 相关链接 |
|
|
|
正题名:工程制图基础习题集
索取号:TB23/H178
 
预约/预借
| 序号 | 登录号 | 条形码 | 馆藏地/架位号 | 状态 | 备注 |
| 1 | 261980 | 202619808 | 自科库501/501自科库 5排4列5层/ [索取号:TB23/H178] | 在馆 | |
| 2 | 261981 | 202619817 | 自科库501/501自科库 5排4列5层/ [索取号:TB23/H178] | 在馆 | |
| 3 | 261982 | 202619826 | 自科库501/501自科库 5排4列5层/ [索取号:TB23/H178] | 在馆 |